| 000 | 00825nam a22002417a 4500 | ||
|---|---|---|---|
| 999 |
_c7823 _d7823 |
||
| 003 | AR-CdUCM | ||
| 008 | 190321b ||||| |||| 00| 0 spa d | ||
| 020 | _a9972 47 074 1 | ||
| 040 |
_aMUNICIPALIDAD PROVINCIAL DEL CUSCO _cBIBLIOTECA MUNICIPAL DEL CUSCO |
||
| 082 |
_a634.956 / _bP19 |
||
| 100 |
_aPalmata, Carludovica _922121 |
||
| 245 | _aManejo Tradicional del bombonaje o paja toquilla / | ||
| 260 |
_aLima : _bSoluciones practicas para la pobreza, _c2001. |
||
| 300 |
_a20 paginas ; _bIlustraciones, graficos, tablas, _c20 cm. |
||
| 500 | _aManejo tradicional | ||
| 505 | _aContenido: todo lo relacionado a la paja toquilla | ||
| 650 |
_aPaja toquilla _922122 |
||
| 650 |
_aTradicional _94205 |
||
| 650 |
_aManejo _922123 |
||
| 650 |
_aplagas, enfermedades y otros _922124 |
||
| 942 |
_2ddc _cLIBROS |
||
| 945 | _apjha | ||